000 00340nam a2200145Ia 4500
005 20250325051003.0
008 240331s9999 xx 000 0 und d
082 _bRAJ
_a894
100 _aRajendran, K
245 0 _aUyir katharal
260 _aChennai
_bpaadan pathippagam
_c1986
300 _aXXXI, 104 p .,
650 _aPoems
942 _cL
999 _c4195
_d4195